Overwatch Multiple Choice Quiz Part 3 - Statistics

General Stats
  • This quiz has been taken 61 times
    36 since last reset
  • The average score is 5 of 10
Answer Stats
Question Answer % Correct
Which does more damage when landing a headshot? A fully charged Sojourn Railgun
95%
Which are the only 3 heroes with projectile guns that have damage falloff? Roadhog, Doomfist and Hazard
76%
True or False? Reinhardt's Charge can one shot a Torbjörn. False
62%
What is the minimum charge percentage needed in order to one shot a 250 HP target with Widowmaker's Secondary fire? 82%
57%
How long does it take D.Va's Self-Destruct to explode? 3 seconds
48%
Which ability from the entire tank role has the longest cooldown? (Exlcuding ultimates) Fortify
43%
How much damage does Hanzo's Storm Arrows do if all shots are landed and are bodyshots 375
38%
Which ability did Symmetra NEVER have? (including Overwatch 1) Photon Turret
38%
Which status effect removed by Kiriko's Protection Suzu does NOT grant extra healing? Stuck (getting a Pulse Bomb stuck on you)
33%
How was Sombra's real name discovered? In a comic Blizzard released
24%
No matching quizzes found
Score Distribution
Percent of People with Each Score
Percentile by Number Answered
Your Score History
You have not taken this quiz since the last reset